Plan de desarrollo urbano de San Rafael del sur
Presenta un plan de desarrollo de San Rafael del Sur, en el cual propone a largo plazo 2003 - 2018 dar pautas a posibles soluciones de déficit de equipamiento, infraestructura y vivienda y mejoramiento de la estructura e imagen urbana. Define un diagnóstico urbano de la ciudad de San Rafael del Su...
| Main Authors: | , |
|---|---|
| Other Authors: | |
| Format: | Tesis Section = Libro |
| Language: | Undetermined Spanish |
| Published: |
Managua
UNI
2004
|
| Subjects: |
| LEADER | 01317nam a2200277Ia 4500 | ||
|---|---|---|---|
| 008 | 240830s9999 xx 000 0 und d | ||
| 040 | |a BIBLIOTECA-RUSB/ Mon 711 A283 | ||
| 041 | |a spa | ||
| 082 | |a Mon 711 A283 | ||
| 100 | 1 | |a Aguilar López, Karen Mireya | |
| 100 | 1 | |b Saravia Montoya, Roberta Fabiola | |
| 245 | 1 | 0 | |a Plan de desarrollo urbano de San Rafael del sur |
| 260 | |a Managua |b UNI |c 2004 | ||
| 300 | |a 115 p. :il. | ||
| 500 | |a Contiene: anexos. | ||
| 502 | |a Tesis (Arquitecto) - UNI, 2004. | ||
| 520 | 3 | |a Presenta un plan de desarrollo de San Rafael del Sur, en el cual propone a largo plazo 2003 - 2018 dar pautas a posibles soluciones de déficit de equipamiento, infraestructura y vivienda y mejoramiento de la estructura e imagen urbana. Define un diagnóstico urbano de la ciudad de San Rafael del Sur el cual contiene un análisis poblacional y físico de la ciudad. | |
| 650 | 7 | |a PLANIFICACION DEL ESPACIO (URBANISMO) SAN RAFAEL DEL SUR | |
| 650 | 7 | |b DESARROLLO URBANO - SAN RAFAEL DEL SUR | |
| 650 | 7 | |c diagnóstico - ESTRUCTURA -URBANA - VIVIENDA | |
| 650 | 7 | |d PROPUESTA - DESARROLLO URBANO - SAN RAFAEL DEL SUR | |
| 650 | 7 | |e ZONIFICACION Y USO DE SUELO - SAN RAFAEL DEL SUR | |
| 700 | 1 | |a Tutor: |b González Jirón, Jorge Samuel | |
| 942 | |c BK |2 ddc | ||
| 991 | |a TESIS | ||
| 999 | |c 20818 | ||